000 00308nam a22001337a 4500
008 170718b xxu||||| |||| 00| 0 eng d
020 _a0866839801
041 _aeng
080 _a2
100 _a24
101 _aTEO
245 _aLITURGY AND LEARNING THROUGH THE CYCLE
_cWESTERHOFF, J.H
942 _2udc
_cBK
999 _c21415
_d21415